Differenciaľnoje i integraľnoje isčislenije /

Saved in:
Bibliographic Details
Main Authors: Burgov, Ja.S (Author), Nikoľskij, Sergej Michajlovič (Author)
Format: Book
Language:Russian
Published: Moskva : Nauka, 1988
Edition:3.izd.
Tags: Add Tag
No Tags, Be the first to tag this record!

MARC

LEADER 00000nam a22000003a 4500
001 stu3890
005 20150617225813.7
008 930528s1988----xxr-----------------rus-d
040 |a STU  |b slo 
041 0 |a rus 
044 |a xxr 
080 |a 517.2/.3  |7 stu_us_auth*stu16576 
100 1 |a Burgov, Ja.S  |4 aut 
245 1 |a Differenciaľnoje i integraľnoje isčislenije /  |c [aut.] Burgov,Ja.S.; Nikoľskij,S.M 
250 |a 3.izd. 
260 |a Moskva :  |b Nauka,  |c 1988 
300 |a 431 s 
700 1 |a Nikoľskij, Sergej Michajlovič  |4 aut 
996 |b E66991  |c E*66991  |l EE03  |s P  |a 0  |w stu3890_0001